| 000 | 01181cam a2200289 i 4500 | ||
|---|---|---|---|
| 003 | SA-RiAUC | ||
| 005 | 20241029074050.0 | ||
| 008 | 241024s2000 ||| g 000 0 ara c | ||
| 040 |
_aSA-JeALM _bara _cSA-RiAUC _erda |
||
| 050 | 4 | _b.B35 2000 | |
| 082 | 0 | 4 | _a251.2 |
| 090 |
_a251.2 _bب ن ب |
||
| 100 | 1 |
_aبن بيه، أحمد بن السالك، _d1925-2003 _eمؤلف. |
|
| 245 | 1 | 0 |
_aكاشف الكرب عن الحكم الشرعي في السلع المستوردة من الشرق والغرب / _cتأليف سيدي أحمد الملقب بيه بن السالك. |
| 250 | _aالطبعة الاولى | ||
| 264 | 1 |
_aبيروت : _bالدار الشامية _c1994 |
|
| 300 |
_a149 صفحة ؛ _c24 سم |
||
| 336 |
_aنص _btxt _2rdacontent _3كتاب |
||
| 337 |
_aبدون وسيط _bn _2rdamedia |
||
| 338 |
_aمجلد _bnc _2rdacarrier |
||
| 650 | 7 |
_aأصول الفقه الإسلامي _2aucsh |
|
| 650 | 7 |
_aالحكم التكليفي (أصول فقه) _2aucsh |
|
| 650 | 7 |
_aالحلال والحرام _2aucsh |
|
| 942 |
_2ddc _cBOOK _n0 |
||
| 949 |
_aSA-JeALM _d241024 _umohamedma123 _n1 |
||
| 999 |
_c1856 _d1856 |
||